| 000 | 00346 a2200145 4500 | ||
|---|---|---|---|
| 001 | 179380 | ||
| 020 | _a | ||
| 040 | _cMagnum | ||
| 100 | _aVeiga, José J. | ||
| 240 | 1 | 0 |
_aO professor burrim e as quatro calamidades _lpor |
| 245 | 1 | 0 | _aO professor burrim e as quatro calamidades |
| 362 | 0 | _a1899 | |
| 697 | _aMAGNITO: IJ/GERAL | ||
| 942 | _cBK | ||
| 999 |
_c179380 _d179380 |
||